000
00258nam a22001217a 4500
008
180227b xxu||||| |||| 00| 0 eng d
041
_a
eng
080
_2
8 ed
_a
579
100
_a
11
101
_a
mic
245
_a
microbiology
_c
willey.sh
942
_2
udc
_c
BK
999
_c
43556
_d
43556